| 000 | 00722nam a22002297a 4500 | ||
|---|---|---|---|
| 999 |
_c6184 _d6184 |
||
| 003 | AR-CdUCM | ||
| 008 | 190313b ||||| |||| 00| 0 spa d | ||
| 040 |
_aMUNICIPALIDAD PROVINCIAL DEL CUSCO _cBIBLIOTECA MUNICIPAL DEL CUSCO |
||
| 082 |
_a869.508 / _bV39 |
||
| 100 |
_aVelarde, Hector _9717 |
||
| 245 | _aLa Perra en el Satélite / | ||
| 260 |
_aLima : _bJuan Mejía Baca ; _c1958. |
||
| 300 |
_a133 páginas ; _c18cm |
||
| 440 |
_aColección Ediciones Populares _n2 _917862 |
||
| 500 | _aDonación de la familia Nieto | ||
| 505 | _aContenido: Sátira | ||
| 650 |
_aCuentos peruanos _911293 |
||
| 650 |
_aSátira peruana _910817 |
||
| 650 |
_aLiteratura siglo XX _917863 |
||
| 942 |
_2ddc _cLIBROS |
||
| 945 | _anom | ||